000 01036nam a2200313 i 4500
003 EG-GICUC
005 20260504114913.0
008 260504s1902 fr d|||fr|||| 00| 0 fre d
040 _aEG-GiCUC
_bfre
_cEG-GiCUC
_dEG-GiCUC
_eRda
082 0 4 _221
_a343.767
_bPA. A
092 0 4 _221
099 _aLaw1 10 343.767 PA . A 1902
100 1 _aPactet, E
_eAuteur
245 1 3 _aLes Aliénés Dans Les Prisons :
_bAlienes Méconnus & Condamnés /
_cPar E. Pactet, H. Colin.
264 1 _aParis :
_bMasson Et C,
_bGauthier-villars,
_c1902.
264 3 _bSaint Amand
300 _a172 page :
_bCharts;
_c 24 cm.
336 _2rda contenu
_a texte
337 _2rda medias
_aOrdinateur
338 _2 transporteur rda
_a Ressource en ligne
490 _aEncyclopedie Scientifique
650 1 _aTraitement Punitif en Prison
_2qrmak
650 1 _aDroit De Pénal
_2qrmak
651 1 _2qrmak
700 1 _aColin, H
_eCo-Auteur
856 4 0 _uhttps://fll.law.cu.edu.eg/fulltext/bks/B10-11314.pdf
905 _a54
942 _2ddc
_cBK
_e21
_n0
999 _c75479
_d75479